Bridging imaginations : (Record no. 75272)

MARC details
000 -LEADER
fixed length control field 01077nam a22002657a 4500
005 - DATE AND TIME OF LATEST TRANSACTION
control field 20130508150236.0
010 ## - LCCN (DPL NO)
LC control number ENG-107075
020 ## - INTERNATIONAL STANDARD BOOK NUMBER
International Standard Book Number 9789350182796
Terms of availability 1395.00
020 ## - INTERNATIONAL STANDARD BOOK NUMBER
International Standard Book Number 9350182793
Terms of availability 1395.00
035 ## - SYSTEM CONTROL NUMBER
System control number EN-90608
037 ## - SOURCE OF ACQUISITION
Source of stock number/acquisition DBAD/PUB
082 04 - DEWEY DECIMAL CLASSIFICATION NUMBER
Classification number 994.00491411
Edition number 23
245 00 - TITLE STATEMENT
Title Bridging imaginations :
Remainder of title South Asian diaspora in Australia /
Statement of responsibility, etc edited by Amit Sarwal
260 ## - PUBLICATION, DISTRIBUTION, ETC. (IMPRINT)
Place of publication, distribution, etc New Delhi :
Name of publisher, distributor, etc Published by Readworthy Publications in association with Australia-India Interdisciplinary Research Network
Date of publication, distribution, etc 2013.
270 ## - ADDRESS
Address B-65, Mansa Ram Park, Near Master Palace
City New Delhi
Postal code 110059
300 ## - PHYSICAL DESCRIPTION
Extent xx, 332 p.
Dimensions 23cm(Hb)
490 0# - SERIES STATEMENT
Series statement Australia-India interdisciplinary research series-1
500 ## - GENERAL NOTE
General note Contributed articles.
500 ## - GENERAL NOTE
General note Includes bibliographical references and index.
650 #0 - SUBJECT ADDED ENTRY--TOPICAL TERM
Topical term or geographic name as entry element East Indians
Geographic subdivision Australia
General subdivision Social conditions.
650 #0 - SUBJECT ADDED ENTRY--TOPICAL TERM
Topical term or geographic name as entry element East Indians
Geographic subdivision Australia
General subdivision Social life and customs.
650 #0 - SUBJECT ADDED ENTRY--TOPICAL TERM
Topical term or geographic name as entry element East Indians
Geographic subdivision Australia
General subdivision Economic conditions.
700 1# - ADDED ENTRY--PERSONAL NAME
Personal name Sarwal, Amit
942 ## - ADDED ENTRY ELEMENTS (KOHA)
Source of classification or shelving scheme Dewey Decimal Classification
Item type English Books
Classification part 994.00491411
Call number suffix BRI
Holdings
Withdrawn status Lost status Not for loan Collection code Home library Current library Date acquired Source of acquisition Cost, normal purchase price Full call number Barcode Copy number Cost, replacement price Koha item type
    Not For Loan Non-fiction D.B.Act.Division D.B.Act.Division 08/05/2013 DBAD/PUB 1395.00 994.00491411 BRI EN-90608 1 1395.00 English Books

© Delhi Public Library
Hit Counter
free hit counter